[Event "San Francisco Hurt Memorial U1800"]
[Site "San Francisco"]
[Date "2005.12.10"]
[Round "3"]
[White "Saguid, Vincent"]
[Black "Salvo, Tab"]
[Result "0-1"]
[WhiteElo "1478"]
[BlackElo "1740"]
[PlyCount "72"]
[EventDate "2005.12.10"]
[EventType "swiss"]
[EventRounds "6"]
[EventCountry "USA"]
[SourceTitle "EXT 2007"]
[Source "ChessBase"]
[SourceDate "2006.11.23"]
[SourceVersion "1"]
[SourceVersionDate "2006.11.23"]
[SourceQuality "1"]

1. Nf3 Nf6 2. g3 g6 3. Bg2 Bg7 4. 0-0 0-0 5. d3 d6 6. e4 Bg4 7. h3 Bxf3 8. Qxf3 c5 9. Nc3 Nc6 10. Be3 Rb8 11. a4 Nd7 12. Qd1 a6 13. Qd2 Nb4 14. Rac1 b5 15. axb5 axb5 16. Bh6 e5 17. Bxg7 Kxg7 18. Ra1 Qb6 19. Kh2 Nf6 20. Ra3 Ra8 21. Rfa1 Rxa3 22. Rxa3 Nc6 23. Ne2 b4 24. Ra1 Nh5 25. Bf3 Nf6 26. Bg4 c4 27. Qe1 Nxg4+ 28. hxg4 cxd3 29. cxd3 Nd4 30. Nxd4 Qxd4 31. Qd2 b3 32. Kg2 Rc8 33. Rc1 Rxc1 34. Qxc1 Qxd3 35. Qc6 Qd2 36. Qa6 Qxb2 0-1

[Event "San Francisco McLain Memorial g/45"]
[Site "San Francisco"]
[Date "2005.12.03"]
[Round "3"]
[White "Saguid, Vincent"]
[Black "Srinivas, Sanjay"]
[Result "1-0"]
[WhiteElo "1486"]
[BlackElo "1334"]
[PlyCount "55"]
[EventDate "2005.12.03"]
[EventType "swiss"]
[EventRounds "5"]
[EventCountry "USA"]
[SourceTitle "EXT 2007"]
[Source "ChessBase"]
[SourceDate "2006.11.23"]
[SourceVersion "1"]
[SourceVersionDate "2006.11.23"]
[SourceQuality "1"]

1. Nf3 Nc6 2. g3 e5 3. d3 Nf6 4. Bg2 Bc5 5. 0-0 d6 6. h3 Nd4 7. Nbd2 Nxf3+ 8. Nxf3 e4 9. Ng5 exd3 10. exd3 h6 11. Re1+ Kf8 12. Nf3 Bd7 13. Be3 Bxe3 14. Rxe3 Qc8 15. Kh2 Bxh3 16. Bxh3 Ng4+ 17. Bxg4 Qxg4 18. Kg2 h5 19. Re4 Qg6 20. Qe2 d5 21. Re7 h4 22. Re1 f6 23. Rxc7 h3+ 24. Kh2 f5 25. Qe7+ Kg8 26. Re6 Qg4 27. Ng5 Qh5 28. Qxg7# 1-0

[Event "San Francisco McLain Memorial g/45"]
[Site "San Francisco"]
[Date "2005.12.03"]
[Round "1"]
[White "Saguid, Vincent"]
[Black "Vayntrub, Dmitry"]
[Result "0-1"]
[WhiteElo "1486"]
[BlackElo "2101"]
[PlyCount "46"]
[EventDate "2005.12.03"]
[EventType "swiss"]
[EventRounds "5"]
[EventCountry "USA"]
[SourceTitle "EXT 2007"]
[Source "ChessBase"]
[SourceDate "2006.11.23"]
[SourceVersion "1"]
[SourceVersionDate "2006.11.23"]
[SourceQuality "1"]

1. Nf3 c5 2. g3 Nc6 3. Bg2 g6 4. 0-0 Bg7 5. d3 e5 6. e4 Nge7 7. Nbd2 0-0 8. Nc4 d6 9. h3 f5 10. exf5 gxf5 11. Bg5 Be6 12. Ne3 Qd7 13. Kh2 Rae8 14. c3 Ng6 15. Nc2 f4 16. d4 cxd4 17. cxd4 Qf7 18. d5 Bxd5 19. Nxe5 Rxe5 20. Bxd5 Rxd5 21. Qc1 Rxg5 22. gxf4 Nxf4 23. Ne3 Qh5 0-1

[Event "San Francisco Dolan Memorial 5th"]
[Site "San Francisco"]
[Date "2005.10.01"]
[Round "4"]
[White "Dasari, Vishal"]
[Black "Saguid, Vincent"]
[Result "1-0"]
[WhiteElo "1089"]
[BlackElo "1554"]
[PlyCount "51"]
[EventDate "2005.10.01"]
[EventType "swiss"]
[EventRounds "4"]
[EventCountry "USA"]
[SourceTitle "EXT 2007"]
[Source "ChessBase"]
[SourceDate "2006.11.23"]
[SourceVersion "1"]
[SourceVersionDate "2006.11.23"]
[SourceQuality "1"]

1. e4 d6 2. d4 Nf6 3. Nc3 g6 4. Nf3 Bg7 5. Bc4 c5 6. d5 0-0 7. 0-0 Bg4 8. h3 Bc8 9. Bg5 h6 10. Bh4 Qb6 11. b3 g5 12. Na4 Qc7 13. Bg3 Nh5 14. Rb1 Nxg3 15. fxg3 Nd7 16. Nb2 Ne5 17. Nxe5 Bxe5 18. Qh5 Kh7 19. Rxf7+ Rxf7 20. Qxf7+ Bg7 21. Bd3 Bd7 22. e5+ Kh8 23. Qg6 Kg8 24. Qh7+ Kf8 25. Rf1+ Ke8 26. Qg8+ 1-0

[Event "Donnelly Memorial"]
[Site "San Francisco"]
[Date "2005.09.17"]
[Round "1"]
[White "Saguid, Vincent"]
[Black "Perepelitsky, Philipp"]
[Result "0-1"]
[WhiteElo "1554"]
[BlackElo "2066"]
[PlyCount "59"]
[EventDate "2005.09.17"]
[EventType "swiss (rapid)"]
[EventRounds "5"]
[EventCountry "USA"]
[SourceTitle "EXT 2024"]
[Source "ChessBase"]
[SourceDate "2023.10.10"]
[SourceVersion "1"]
[SourceVersionDate "2023.10.10"]
[SourceQuality "1"]

1. Nf3 d5 2. g3 Nf6 3. Bg2 c5 4. 0-0 Nc6 5. d3 e5 6. Nbd2 Be7 7. e4 d4 8. Nc4 Qc7 9. a4 0-0 10. h3 Be6 11. Ng5 Bxc4 12. dxc4 Ne8 13. f4 Bxg5 14. fxg5 Qe7 15. Qh5 Nd6 16. Ra3 Nxc4 17. Raf3 Nd6 18. Qg4 Qe6 19. Qh4 c4 20. Rf6 Qe7 21. R6f2 g6 22. Qg4 Ne8 23. h4 Ng7 24. Bf3 Qe6 25. Qxe6 Nxe6 26. Bg4 Nc5 27. h5 Nxe4 28. hxg6 hxg6 29. Rf3 Nb4 30. Bd7 0-1

[Event "San Francisco Pafnutieff Memorial g/45"]
[Site "San Francisco"]
[Date "2005.08.06"]
[Round "3"]
[White "Luke, Gary"]
[Black "Saguid, Vincent"]
[Result "1-0"]
[WhiteElo "1820"]
[BlackElo "1554"]
[PlyCount "57"]
[EventDate "2005.08.06"]
[EventType "swiss (rapid)"]
[EventRounds "5"]
[EventCountry "USA"]
[SourceTitle "EXT 2007"]
[Source "ChessBase"]
[SourceDate "2006.11.23"]
[SourceVersion "1"]
[SourceVersionDate "2006.11.23"]
[SourceQuality "1"]

1. d4 Nf6 2. c4 g6 3. Nc3 d5 4. g3 c6 5. Bg2 Bg7 6. Nf3 0-0 7. 0-0 Na6 8. Ne5 Nc7 9. c5 Ng4 10. f4 Bxe5 11. fxe5 Kg7 12. h3 Nh6 13. g4 Ng8 14. Qe1 Ne6 15. e3 Bd7 16. Ne2 Nc7 17. Qg3 f6 18. Bd2 Ne8 19. e4 dxe4 20. Bxe4 Rb8 21. Bc3 Nc7 22. Nf4 Nd5 23. h4 Nxf4 24. Qxf4 Be6 25. d5 Bxd5 26. g5 Kf7 27. exf6 exf6 28. gxf6 Bxe4 29. Qxe4 1-0

[Event "San Francisco Bagby Memorial g/45"]
[Site "San Francisco"]
[Date "2005.07.16"]
[Round "4"]
[White "Chan, John"]
[Black "Saguid, Vincent"]
[Result "1-0"]
[WhiteElo "1605"]
[BlackElo "1554"]
[PlyCount "89"]
[EventDate "2005.07.16"]
[EventType "swiss (rapid)"]
[EventRounds "5"]
[EventCountry "USA"]
[SourceTitle "EXT 2007"]
[Source "ChessBase"]
[SourceDate "2006.11.23"]
[SourceVersion "1"]
[SourceVersionDate "2006.11.23"]
[SourceQuality "1"]

1. c4 Nf6 2. Nc3 g6 3. d4 Bg7 4. g3 d6 5. Bg2 0-0 6. f4 c6 7. Nf3 Bf5 8. 0-0 Qd7 9. b4 Bh3 10. Qd3 Bxg2 11. Kxg2 d5 12. Ne5 Qd8 13. c5 Nbd7 14. Be3 Ne8 15. a4 Bxe5 16. fxe5 f5 17. Bh6 Ng7 18. Rf2 e6 19. Raf1 b6 20. e3 Rf7 21. Bxg7 Kxg7 22. Ne2 Nf8 23. Nf4 Qb8 24. g4 bxc5 25. bxc5 Qb4 26. gxf5 exf5 27. h4 Re7 28. h5 Ne6 29. Nh3 Rb8 30. hxg6 hxg6 31. Qe2 Qxa4 32. Qf3 Qb4 33. Qg3 Kf8 34. Ng5 Nxg5 35. Qxg5 Ke8 36. Rh1 Kd7 37. Qf6 Rbe8 38. Qd6+ Kc8 39. Qxc6+ Kb8 40. Ra1 a5 41. Raa2 Qb3 42. Rfb2 Qxb2+ 43. Rxb2+ Ka7 44. Qb6+ Ka8 45. c6 1-0

[Event "San Francisco Addison op g/45"]
[Site "San Francisco"]
[Date "2005.06.25"]
[Round "4"]
[White "Wu, Christopher"]
[Black "Saguid, Vincent"]
[Result "1-0"]
[WhiteElo "1229"]
[BlackElo "1554"]
[PlyCount "62"]
[EventDate "2005.06.25"]
[EventType "swiss (rapid)"]
[EventRounds "5"]
[EventCountry "USA"]
[SourceTitle "EXT 2007"]
[Source "ChessBase"]
[SourceDate "2006.11.23"]
[SourceVersion "1"]
[SourceVersionDate "2006.11.23"]
[SourceQuality "1"]

1. e4 d6 2. d4 Nf6 3. Nc3 g6 4. Nf3 Bg7 5. Bc4 Be6 6. Bb3 Bxb3 7. axb3 0-0 8. 0-0 Nbd7 9. h3 c5 10. Be3 cxd4 11. Nxd4 a6 12. Qd2 Nc5 13. f3 Ncd7 14. Bh6 Bxh6 15. Qxh6 Qb6 16. Qe3 e5 17. Nf5 gxf5 18. Qxb6 Nxb6 19. exf5 d5 20. Rfe1 Rfe8 21. Na4 Nxa4 22. bxa4 Rac8 23. c3 d4 24. cxd4 exd4 25. Rxe8+ Rxe8 26. Rd1 Rd8 27. Kf2 Nh5 28. g4 Nf4 29. Kg3 Nxh3 30. Kxh3 Kg7 31. g5 f6 1-0